La police pendant la Révolution & l'Empire (Record no. 167242)

MARC details
000 -LEADER
campo de control de longitud fija 01018nam a2200217 i 4500
001 - NÚMERO DE CONTROL
campo de control 167242
003 - IDENTIFICADOR DE NÚMERO DE CONTROL
campo de control ES-MaACL
005 - FECHA Y HORA DE LA ÚLTIMA TRANSACCIÓN
campo de control 20250702193903.0
008 - DATOS DE LONGITUD FIJA--INFORMACIÓN GENERAL
campo de control de longitud fija 041108s1864 fr |||| | fre d
040 ## - FUENTE DE CATALOGACIÓN
Centro catalogador/agencia de origen CAM
Lengua de catalogación spa
Centro/agencia transcriptor CAM
100 1# - ENTRADA PRINCIPAL--NOMBRE DE PERSONA
Nombre de persona Vermorel, Auguste (
Fechas asociadas al nombre 1841-1871)
9 (RLIN) 133643
245 13 - MENCIÓN DEL TÍTULO
Título La police pendant la Révolution & l'Empire
Resto del título : deuxième partie des Mystères de la police.
260 ## - PUBLICACIÓN, DISTRIBUCIÓN, ETC.
Lugar de publicación, distribución, etc. Paris ;
-- Leipsick :
Nombre del editor, distribuidor, etc. Jung-Treuttel, libraire,
Fecha de publicación, distribución, etc. 1864 (
Lugar de fabricación/manufactura Versailles :
Fabricante Imprimerie Cerf)
300 ## - DESCRIPCIÓN FÍSICA
Extensión 320 p. ;
Dimensiones 18 cm.
594 ## - Nota al título y mención de responsabilidad
Nota al título y mención de responsabilidad Autor tomado de BN Opale-Plus. Según este catálogo la obra "Les Mystères de la police" está compuesta por tres partes : 1. La police en France depuis Louis XIV jusqu'à la Révolution de 1789 -- 2. La police pendant la Révolution et l'Empire -- 3. La police contemporaine.
650 #4 - PUNTO DE ACCESO ADICIONAL DE MATERIA--TÉRMINO DE MATERIA
Término de materia o nombre geográfico como elemento de entrada Policía-
Subdivisión geográfica Francia.
9 (RLIN) 16260
650 #4 - PUNTO DE ACCESO ADICIONAL DE MATERIA--TÉRMINO DE MATERIA
Término de materia o nombre geográfico como elemento de entrada
9 (RLIN) 241197
651 #4 - PUNTO DE ACCESO ADICIONAL DE MATERIA--NOMBRE GEOGRÁFICO
Nombre geográfico Francia-
Subdivisión general Historia-
Subdivisión cronológica 1789-1799, Revolución
9 (RLIN) 8685
852 ## - LOCALIZACIÓN
Ubicación ES-MaACL
Número de control de estantería D-3744
Nota libre -- Rúst.
Holdings
Estatus retirado Estado de pérdida Estado de daño No para préstamo Colección Biblioteca de origen Biblioteca actual Ubicación en estantería Fecha de adquisición Fuente de adquisición Total de préstamos Signatura topográfica completa Código de barras Visto por última vez Precio de reemplazo Tipo de ítem Koha
        Libros del s. XIX Biblioteca del Ateneo de Madrid Biblioteca del Ateneo de Madrid Sala Valle Inclán 17/01/2008     D-3744 901175441 23/02/2023 23/02/2023 Libro impreso antiguo